|
|
|
|
| LEADER |
00000nam a2200000Ia 4500 |
| 008 |
160901b1994 m ||||| |||| 00| | spa d |
| 020 |
|
|
|a 968231156x
|
| 090 |
|
|
|a 121
|b P579pi6
|
| 100 |
1 |
|
|9 639
|a Piaget, Jean
|
| 245 |
1 |
0 |
|a Psicogénesis e historia de la ciencias /
|c Jean Piaget, Rolando García
|
| 260 |
|
|
|a México, D.F. :
|b Siglo Veintiuno Editores,
|c 1994
|
| 300 |
|
|
|a 252 páginas
|
| 650 |
|
0 |
|a PSICOLOGÍA
|9 657
|
| 650 |
|
0 |
|a TEORÍA DE LA EDUCACIÓN
|9 661
|
| 650 |
|
0 |
|a HISTORIA
|9 22
|
| 650 |
|
0 |
|a CIENCIA
|9 890
|
| 650 |
|
0 |
|a IDEOLOGÍAS
|9 1975
|
| 700 |
1 |
|
|9 1976
|a García, Rolando
|
| 942 |
|
|
|i 432524
|h 121 P579pi6
|2 z
|c 01
|
| 999 |
|
|
|c 391
|d 391
|